| 000 | 00571nam a2200205Ia 4500 | ||
|---|---|---|---|
| 003 | OSt | ||
| 005 | 20250820115506.0 | ||
| 008 | 210210b1987 xxu||||| |||| 00| 0 eng d | ||
| 040 | _cAL | ||
| 041 | _aKannada | ||
| 082 | _aK894.2 KIRC | ||
| 100 |
_aKirtinatha Kurtakoti _9180635 |
||
| 110 |
_aಕೀರ್ತಿನಾಥ ಕುರ್ತಕೋಟಿ _9236625 |
||
| 245 |
_aChandragupta _b: ಚಂದ್ರಗುಪ್ತ |
||
| 260 |
_aDharavada _bManohara Granthamale _c1987 |
||
| 300 | _a84p. | ||
| 690 |
_aKannada Drama _9180636 |
||
| 906 | _a049277 | ||
| 942 |
_2ddc _cBK |
||
| 999 |
_c98443 _d98443 |
||